000 00411cam a22001337a 4500
008 180718b1972 xxu||||| |||| 00| 0 eng d
082 _aC41x42 Un3r
100 _aUnited Kingdom. Committee on Privacy
245 _aReport of the committee on Privacy
260 _aLondon
_bHer Majesty's Stationery Office
_c1972
300 _a349+p.
500 _aChairman: Kenneth Younger
700 _aYounger, Kenneth, Chairman
999 _c489217
_d489217